| 000 | 00760nam a2200241 i 4500 | ||
|---|---|---|---|
| 001 | 12978 | ||
| 003 | ES-MaACL | ||
| 005 | 20250902111200.0 | ||
| 007 | t| | ||
| 008 | 961009s1995 sp ||||0| spa j | ||
| 040 |
_aM-BN _bspa _cM-BN |
||
| 080 | _a159.94 | ||
| 080 | _a159.953.5 | ||
| 100 | 1 |
_aTrujillo Armas, Raúl. _9111570 |
|
| 245 | 1 | 3 |
_aLa condición humana _b: fundamentos de la conducta y el aprendizaje / _cRaul Trujillo Armas. |
| 260 |
_a[Santa Cruz de Tenerife] : _bSociedad Canaria de Pediatría, _cD.L. 1995. |
||
| 300 |
_a124 p. : _bil. ; _c23 cm. |
||
| 650 | 1 | 4 |
_aConducta. _911256 |
| 650 | 1 | 4 |
_aAprendizaje. _99924 |
| 710 | 2 |
_aSociedad Canaria de Pediatría _96646 |
|
| 852 |
_aES-MaACL _jL-20287 _bR.124496 |
||
| 999 |
_c12978 _d12978 |
||